Port of San Francisco. Ocean shipping handbook. The leading general cargo port on the Pacific.

Saved in:
நூற்பட்டியல் விவரங்கள்
குழும எழுத்தாளர்: San Francisco Port Authority.
வடிவம்: புத்தகம்
மொழி:English
வெளியீடப்பட்டது: [San Francisco, 195-]
பகுதிகள்:
குறியீடுகள்: குறிச்சொல் இணை
குறியீடுகள் இல்லை, இந்த குறிச்சொல்லை முதலில் பதிவு செய்யுங்கள்!
LEADER 00613nam a2200193K 4500
001 003394271-4
005 20020606093309.7
008 850822q19501959cauabc 000 0 eng d
035 0 |a ocm12413123 
040 |a CLU  |c CLU  |d FLL 
090 |a HE554.S19  |b S2 
110 2 |a San Francisco Port Authority. 
245 1 0 |a Port of San Francisco.  |b Ocean shipping handbook. The leading general cargo port on the Pacific. 
260 |a [San Francisco,  |c 195-] 
300 |a 40 p.  |b illus., ports., maps. 
650 0 |a Shipping  |z California  |z San Francisco. 
650 0 |a Harbors  |z California  |z San Francisco. 
988 |a 20020608 
906 |0 OCLC